LEADER 00761nam a2200205 4500 001 000000356471 003 CaOOAMICUS 005 20231215095618.0 008 231215s19uu it 000 u ita r 040 $aSeMil$bita 100 1 $aBettazzi, Rodolfo.$0(OLS)http://semarc/name/14592 245 10$aA voi, sposi cristiani / $cRodolfo Bettazzi. 264 1$aRoma :$bBuffetti,$c[19--] 300 $a40 p. ;$c22 cm 650 4$aMatrimonio.$0(OLS)http://semarc/subject/833 850 $aSeMil 852 $aSeMil$W1$xVenegono$y1$m5C IV 1/14$j245040$B247638$CSeMilBibl$Z2$F247638 $81 996 $6245$aA voi, sposi cristiani / $9(OLS)http://semarc/title/446749 996 $6264$aRoma :$bBuffetti$9(OLS)http://semarc/publisher/36156 LEADER 00485nab a2200145 i 4500 001 000000315481 003 CaOOAMICUS 005 20180831173151.0 008 180831n xx uu u0 0und r 013 $a24568 040 $aSeMil$bita 100 1 $aBrovelli, Franco,$d<1941- >.$0(OLS)http://semarc/name/15532 245 10$aA proposito di traduzione della Bibbia. 773 0 $t[Gennaio-Dicembre].$g319-327$w()273985 996 $6245$aA proposito di traduzione della Bibbia$9(OLS)http://semarc/title/389529